LEADER 04594nam0 2200625 i 450 001 BVEE020994 005 20170908093210.0 012 $aosum o.tu uei* teha (3) 1560 (R)$2fei$9ae 100 $a20050120d1560 ||||0itac50 ba 101 | $alat 102 $ach 181 1$6z01$ai $bxxxe 182 1$6z01$an 200 1 $a˜D. Epiphanij episcopi Constantiæ Cypri, œContra octoaginta hæreses opus, Panarium, siue Arcula, aut Capsula medica appellatum, continens libros tres, & tomos siue sectiones ex toto septem. Iano Cornario medico physico interprete. Vna cum alijs eiusdem D. Epiphanij operibus, partim nunc demum ultra superiorem editionem adiectis, partim etiam multo quàm antea emendantioribus: quorum catalogum uersa pagina ostendet. Accessit quoque locuples rerum & uerborum memorabilium index 210 $aBasileae$cper Ioannes Oporinum & Heruagium$eBasileae$gopera ac impensis partim Ioannis Oporini, partim Ioannis Heruagij$h1560 215 $a\12!, 590, \18! p.$d2º 300 $aLe ultime due opere elencate sul v. del front. sono rispettivamente a cura di Albanus Torinus e S. Girolamo 300 $aMarca di J. Oporinus sul front. (J129) 300 $aCors. ; rom 300 $aSegn.: a-z⁶A-2E⁶2F⁴ 300 $aIniziali xil. 316 $a1 v. - Timbro RB Neapolis sul front. - Parti censurate sul front. - Nota ms sul front.: Appl. Bibli.a Coll.i Stab. SS.$5IT-NA0079, SALA FARN.07. D 0001 517 1 $a˜D. Epiphanij episcopi Constantiæ œContra octoaginta hæreses opus, Panarium, sive Arcula, aut Capsula medica appellatum, continens libros tres.$9BVEE020996 620 $dBasilea$3BVEL000292 700 0$aEpiphanius$3CFIV042284$4070$0255056 702 1$aCornarius$b, Janus$3BVEV018095 702 0$aHieronymus$c $3CFIV010145 702 1$aTorinus$b, Albanus$3RMLV022630 712 02$aOporinus, Johann & Herwagen, Johann$d <2.>$3BVEV029292$4650 790 1$aCornarius$b, Ianus$3BVEV024568$zCornarius, Janus 790 1$aHagenbut$b, Johann$3CFIV164728$zCornarius, Janus 790 0$aGerolamo$c $3CFIV082334$zHieronymus 790 0$aJerôme$c $3CFIV156834$zHieronymus 790 0$aJerónimo$3IEIV087260$zHieronymus 790 0$aGirolamo$c $3MILV186364$zHieronymus 790 0$aHieronymus : Stridonensis$3MILV327573$zHieronymus 790 1$aHieronymus$b, Sophronius Eusebius$3TSAV367348$zHieronymus 790 0$aÉpiphane : de Chypre$3CFIV081864$zEpiphanius 790 0$aEpifanio : di Salamina$3CFIV257076$zEpiphanius 790 0$aEpifanio : di Costanzia$3CFIV319714$zEpiphanius 790 0$aEpiphanius$c $3CFIV323081$zEpiphanius 790 0$aEpiphanius : Constantiensis$3PUVV250044$zEpiphanius 790 0$aEpiphanius : of Salamis$3UFIV144730$zEpiphanius 790 1$aThorinus$b, Albanus$3RMLV022633$zTorinus, Albanus 791 02$aHerwagen, Johann <2.> & Oporinus, Johann$3BVEV029294$zOporinus, Johann & Herwagen, Johann <2.> 801 3$aIT$bIT-NA0079$c20050120 850 $aIT-NA0079 899 1$aBiblioteca Nazionale Vittorio Emanuele III$bNA0079$eS$uhttp://books.google.com/books?vid=IBNN:BNANT001740216 912 $aBVEE020994 921 $aSBNM000001$bMarca non controllata$cS2$dSul front. 950 0$aBiblioteca Nazionale Vittorio Emanuele III$b1 v. - Timbro RB Neapolis sul front. - Parti censurate sul front. - Nota ms sul front.: Appl. Bibli.a Coll.i Stab. SS.$c1 v. - Timbro RB Neapolis sul front. - Parti censurate sul front. - Nota ms sul front.: Appl. Bibli.a Coll.i Stab. SS.$d BNSALA FARN.07. D 0001$e BNANT0017402165 B 1 v. - Timbro RB Neapolis sul front. - Parti censurate sul front. - Nota ms sul front.: Appl. Bibli.a Coll.i Stab. SS.$fC $h20050120$i20050120 956 $aBiblioteca Nazionale Vittorio Emanuele III$b1$cBNTD$d$eBNANT001740216$uhttp://books.google.com/books?vid=IBNN:BNANT001740216$z BNSALA FARN.07. D 0001 977 $a BN 996 $aContra octoaginta hæreses opus, Panarium, siue Arcula, aut Capsula medica appellatum, continens libros tres, & tomos siue sectiones ex toto septem. Iano Cornario medico physico interprete. Vna cum alijs eiusdem D. Epiphanij operibus, partim nunc demum ultra superiorem editionem adiectis, partim etiam multo quàm antea emendantioribus: quorum catalogum uersa pagina ostendet. Accessit quoque locuples rerum & uerborum memorabilium index$91480440 997 $aUNISANNIO LEADER 01528nam0 22003373i 450 001 MIL0011393 005 20231121125526.0 010 $a8876910506 100 $a20141209d1987 ||||0itac50 ba 101 | $aita 102 $ait 181 1$6z01$ai $bxxxe 182 1$6z01$an 200 1 $aLegislazione regionale in materia di territorio$eleggi e circolari 1980-1986$eurbanistica e beni ambientali, lavori pubblici, viabilita e trasporti, ambiente, edilizia abitativa, cave e acque$fa cura di Lia Artico, Antonio Bonaldo, Massimo Pasqualin 210 $aBassano del Grappa$cGhedina & Tassotti$dc1987$hstampa 1988 215 $aXXX, 361 p.$d24 cm 300 $aIn testa al frontespizio: Regione del Veneto, Giunta regionale, Segreteria regionale per il territorio. 702 1$aArtico$b, Lia$3CFIV026662 702 1$aPasqualin$b, Massimo$3CFIV111525 702 1$aBonaldo$b, Antonio$3MILV010057 710 02$aVeneto$c $3CFIV018570$4070$074900 791 02$aRegione del Veneto$3CFIV256510$zVeneto 791 02$aRegione Veneto$3SBNV006931$zVeneto 801 3$aIT$bIT-01$c20141209 850 $aIT-FR0099 899 $aBiblioteca Area Ingegneristica$bFR0099 912 $aMIL0011393 950 0$aBiblioteca Area Ingegneristica$d 54DII 342 LEG$e 54VM 0000347615 VM barcode:BAIN000872. - Inventario:25DVM$fA $h20030826$i20121204 977 $a 54 996 $aLegislazione regionale in materia di territorio$93608949 997 $aUNICAS